000 00250nam a2200097Ia 4500
005 20251222114358.0
008 251222s1900||||xx |||||||||||||| ||spa||
082 _aDVD0111/R36/1963
245 0 _aLa espada en la piedra:The Sword in the Stone
942 _cDVD
999 _c1517
_d1517